| Tag |
First Indicator |
Second Indicator |
Subfields |
| LEADER |
00000cam a2200000 a 4500 |
| 001 |
in00000070628 |
| 005 |
20151008061834.0 |
| 008 |
760107s1971 cl a b 00010 spamd |
| 035 |
|
|
|a (OCoLC)01915281
|
| 035 |
|
|
|9 AAJ8939AM
|
| 040 |
|
|
|a NAM
|c NAM
|d m.c.
|d TXA
|d UtOrBLW
|
| 049 |
|
|
|a TXAM
|c [1481763]
|
| 090 |
|
|
|a PQ6601.L26
|b Z63
|
| 100 |
1 |
|
|a Galilea, Hernán.
|
| 245 |
1 |
3 |
|a La poesia superrealista de Vicente Aleixandre /
|c Hernan Galilea.
|
| 264 |
|
1 |
|a Santiago, Chile :
|b Editorial Universitaria,
|c [1971]
|
| 264 |
|
4 |
|c ©1971
|
| 300 |
|
|
|a 177 pages :
|b illustrations ;
|c 19 cm.
|
| 336 |
|
|
|a text
|b txt
|2 rdacontent
|
| 337 |
|
|
|a unmediated
|b n
|2 rdamedia
|
| 338 |
|
|
|a volume
|b nc
|2 rdacarrier
|
| 490 |
1 |
|
|a El espejo de Papel
|
| 504 |
|
|
|a Includes bibliographical references.
|
| 600 |
1 |
0 |
|a Aleixandre, Vicente,
|d 1898-1984.
|
| 650 |
|
0 |
|a Surrealism (Literature)
|
| 700 |
1 |
|
|a Aleixandre, Vicente,
|d 1898-1984.
|
| 830 |
|
0 |
|a Espejo de Papel.
|
| 999 |
|
|
|a MARS
|
| 999 |
f |
f |
|s 73f37adb-03c3-3f16-9cd6-9349266aecbe
|i 525191c1-2740-3f91-8aa6-53d720ee5fab
|t 0
|
| 952 |
f |
f |
|p normal
|a Texas A&M University
|b College Station
|c Sterling C. Evans Library
|d Evans: Library Stacks
|t 0
|e PQ6601.L26 Z63
|h Library of Congress classification
|i unmediated -- volume
|m A14806181673
|
| 998 |
f |
f |
|a PQ6601.L26 Z63
|t 0
|l Evans: Library Stacks
|